[Event "20th EUR-ch"]
[Site "Skopje MKD"]
[Date "2019.03.28"]
[Round "10"]
[White "Gadimbayli, Abdulla"]
[Black "Sokolovsky, Yahli"]
[Result "1-0"]
[WhiteElo "2404"]
[BlackElo "2278"]
[EventDate "2019.03.18"]
[Board "115"]
[PlyCount "101"]

1.e4 c5 2.Nf3 d6 3.d4 cxd4 4.Nxd4 Nf6 5.Nc3 a6 6.Qd3 e6 7.a4 Nc6 8.Nxc6 
bxc6 9.Be2 Be7 10.Qg3 O-O 11.O-O d5 12.Bh6 Ne8 13.Bf4 Bh4 14.Qf3 Bf6 15.
Rfd1 Qa5 16.Qg3 Bb7 17.Bd3 g6 18.Ne2 c5 19.e5 Be7 20.c3 Ng7 21.Bh6 Qd8 22.
Nf4 Re8 23.Qg4 Nf5 24.Bxf5 exf5 25.Qf3 Bg5 26.Bxg5 Qxg5 27.Qe3 Rad8 28.
Nxd5 Qxe3 29.Nf6+ Kh8 30.fxe3 Rxd1+ 31.Rxd1 Rxe5 32.Rd7 Kg7 33.Rxb7 Kxf6 
34.Kf2 f4 35.exf4 Re4 36.Rb6+ Kf5 37.g3 Re6 38.Rb7 Ke4 39.Rxf7 h5 40.Rd7 
Rb6 41.Rd2 a5 42.h3 Rb8 43.Re2+ Kd3 44.Kf3 Rb6 45.g4 hxg4+ 46.hxg4 c4 47.
g5 Rd6 48.f5 gxf5 49.Rg2 f4 50.g6 Rd8 51.g7 1-0

[Event "20th EUR-ch"]
[Site "Skopje MKD"]
[Date "2019.03.28"]
[Round "10"]
[White "Csiki, Endre"]
[Black "Drnovsek, Gal"]
[Result "1-0"]
[WhiteElo "2251"]
[BlackElo "2402"]
[EventDate "2019.03.18"]
[Board "116"]
[PlyCount "49"]

1.e4 c5 2.Nf3 d6 3.d4 cxd4 4.Nxd4 Nf6 5.Nc3 a6 6.Bg5 Nbd7 7.Qe2 h6 8.Bh4 
Qc7 9.O-O-O b5 10.f4 e6 11.e5 dxe5 12.fxe5 Qxe5 13.Qf3 Qb8 14.Bxf6 Nxf6 
15.Nc6 Bb7 16.Nd5 Nxd5 17.Nxb8 Rxb8 18.Qg3 Rc8 19.Bd3 g6 20.Be4 Be7 21.
Bxd5 Bxd5 22.Rxd5 exd5 23.Qe5 Rh7 24.Re1 f5 25.Qe6 1-0

[Event "20th EUR-ch"]
[Site "Skopje MKD"]
[Date "2019.03.28"]
[Round "10"]
[White "Semjonovs, Ilja"]
[Black "Ozenir, Ekin Baris"]
[Result "1-0"]
[WhiteElo "2401"]
[BlackElo "2265"]
[EventDate "2019.03.18"]
[Board "117"]
[PlyCount "61"]

1.d4 Nf6 2.c4 e6 3.Nf3 b6 4.g3 Bb7 5.Bg2 Bb4+ 6.Bd2 Bxd2+ 7.Nbxd2 O-O 8.
Qc2 d6 9.O-O c5 10.e4 Nc6 11.d5 Nd4 12.Nxd4 cxd4 13.Qd3 e5 14.b4 Qe7 15.
Rfc1 Rfc8 16.a3 Rc7 17.Rc2 Bc8 18.Qb3 Bd7 19.a4 a5 20.bxa5 bxa5 21.c5 dxc5
22.Nc4 Ne8 23.f4 exf4 24.e5 Qg5 25.d6 Rc6 26.Qb7 Rcc8 27.Qxd7 Rab8 28.gxf4
Qh5 29.Qh3 Qxh3 30.Bxh3 Rd8 31.Nxa5 1-0

[Event "20th EUR-ch"]
[Site "Skopje MKD"]
[Date "2019.03.28"]
[Round "10"]
[White "Berzinsh, Roland"]
[Black "Emanuel, Yahav"]
[Result "1-0"]
[WhiteElo "2397"]
[BlackElo "2245"]
[EventDate "2019.03.18"]
[Board "118"]
[PlyCount "57"]

1.e4 e5 2.Nf3 Nc6 3.Bc4 Nf6 4.d3 Be7 5.O-O O-O 6.Re1 d6 7.a4 Be6 8.Nbd2 
Qd7 9.c3 h6 10.h3 Rfe8 11.a5 a6 12.Bb3 Bf8 13.Ba4 Qe7 14.d4 exd4 15.cxd4 
d5 16.e5 Nd7 17.Nf1 Nxa5 18.Bxd7 Qxd7 19.Rxa5 Bb4 20.Ra1 Bxe1 21.Qxe1 b6 
22.Ra3 c5 23.Ng3 Qe7 24.Nh5 Bf5 25.Bxh6 gxh6 26.Qd2 Qe6 27.Nh4 Bb1 28.Rf3 
f5 29.Rg3+ 1-0

[Event "20th EUR-ch"]
[Site "Skopje MKD"]
[Date "2019.03.28"]
[Round "10"]
[White "Zlatin, Alexander"]
[Black "Saraci, Nderim"]
[Result "1/2-1/2"]
[WhiteElo "2243"]
[BlackElo "2391"]
[EventDate "2019.03.18"]
[Board "119"]
[PlyCount "72"]

1.e4 c5 2.b3 e6 3.Nf3 Nc6 4.Bb2 d6 5.Na3 Nf6 6.e5 dxe5 7.Nxe5 Nxe5 8.Bxe5 
a6 9.Nc4 Be7 10.Qf3 O-O 11.Bd3 Nd5 12.O-O Bf6 13.Bxf6 Qxf6 14.Be4 Qxf3 15.
Bxf3 Bd7 16.Bxd5 exd5 17.Nb6 Rad8 18.Nxd5 Be6 19.Ne3 Rxd2 20.Rfd1 Rfd8 21.
Rxd2 Rxd2 22.Rd1 Rxd1+ 23.Nxd1 Kf8 24.f4 Ke7 25.Ne3 Kd6 26.Kf2 b5 27.Ke2 
g6 28.Kd3 Bd7 29.a3 a5 30.c3 Bc6 31.b4 axb4 32.axb4 f5 33.g3 Be4+ 34.Ke2 
Kc6 35.Kd2 Kd6 36.Ke2 Kc6 1/2-1/2

[Event "20th EUR-ch"]
[Site "Skopje MKD"]
[Date "2019.03.28"]
[Round "10"]
[White "Tomerlin, Sinisa"]
[Black "Arsovic, Goran"]
[Result "1-0"]
[WhiteElo "2192"]
[BlackElo "2380"]
[EventDate "2019.03.18"]
[Board "120"]
[PlyCount "138"]

1.Nf3 Nf6 2.g3 g6 3.Bg2 Bg7 4.d3 d5 5.O-O O-O 6.Nbd2 c5 7.c3 Nc6 8.Re1 e5 
9.e4 h6 10.a4 b6 11.exd5 Nxd5 12.Nc4 Re8 13.Nfd2 Be6 14.Qb3 Rb8 15.Qb5 Qc7
16.a5 Re7 17.axb6 axb6 18.Nf1 Na7 19.Qa6 b5 20.Nce3 Nb6 21.Nd2 Rd8 22.c4 
b4 23.Ne4 f5 24.Nd2 Kh7 25.h4 Rd6 26.h5 g5 27.g4 fxg4 28.Be4+ Kh8 29.Nb3 
Rd8 30.Qa5 Rc8 31.Nf5 Bxf5 32.Bxf5 Rf8 33.Be4 g3 34.fxg3 Qd7 35.Kg2 Qg4 
36.Qxc5 Nac8 37.Be3 Ref7 38.Nd2 Nd7 39.Qc6 Ne7 40.Qb7 Nf5 41.Bxf5 Qxf5 42.
Qe4 Qe6 43.Ra8 Nf6 44.Rxf8+ Rxf8 45.Qf3 g4 46.Qb7 Qd6 47.d4 Nxh5 48.Ne4 
Qg6 49.dxe5 Bxe5 50.Qd5 Bg7 51.b3 Nf6 52.Nxf6 Qxf6 53.c5 Rd8 54.Qe4 Qb2+ 
55.Kg1 Qxb3 56.c6 Qf7 57.Bb6 Rc8 58.c7 b3 59.Qxg4 Qf8 60.Kg2 b2 61.Rb1 Re8
62.Bd4 Bxd4 63.Qxd4+ Qg7 64.Qxg7+ Kxg7 65.Rxb2 Rc8 66.Rc2 Kf7 67.Kh3 Ke7 
68.Kh4 Kf7 69.Kg4 Kg6 1-0

[Event "20th EUR-ch"]
[Site "Skopje MKD"]
[Date "2019.03.28"]
[Round "10"]
[White "Eric, Jovana"]
[Black "Ayats Llobera, Gerard"]
[Result "1-0"]
[WhiteElo "2205"]
[BlackElo "2377"]
[EventDate "2019.03.18"]
[Board "121"]
[PlyCount "115"]

1.e4 d5 2.exd5 Qxd5 3.Nc3 Qd6 4.d4 Nf6 5.Nf3 a6 6.g3 Bg4 7.Bg2 Nc6 8.Be3 
O-O-O 9.h3 Bh5 10.g4 Bg6 11.Qe2 h5 12.g5 Ne4 13.O-O h4 14.Ne5 Nxe5 15.Nxe4
Bxe4 16.dxe5 Qg6 17.Qg4+ Bf5 18.Qb4 b6 19.Rad1 Qe6 20.Rxd8+ Kxd8 21.Rd1+ 
Kc8 22.Bd5 Qd7 23.Bb7+ Kxb7 24.Rxd7 Bxd7 25.Qd4 Bxh3 26.Qd5+ Kb8 27.e6 
Bxe6 28.Qd8+ Bc8 29.Bf4 e5 30.Bxe5 Bd6 31.Qxh8 Bxe5 32.Qxh4 Bxb2 33.Qc4 
Be6 34.Qxa6 Bc1 35.Qb5 g6 36.a4 Bd2 37.c4 Kc8 38.c5 Ba5 39.Qe8+ Kb7 40.c6+
Ka7 41.Qe7 Kb8 42.Qd8+ Bc8 43.Qe8 Bd2 44.Qxf7 Bf5 45.Qe8+ Ka7 46.Qe5 Kb8 
47.Qd4 Bxg5 48.a5 bxa5 49.Qh8+ Ka7 50.Qb2 Bc8 51.Qe5 Kb6 52.Qxg5 Bf5 53.
Qc1 Kb5 54.Kh2 Be4 55.Qg5+ Kxc6 56.Qxa5 Bf5 57.Kg3 Kd6 58.Kf4 1-0

[Event "20th EUR-ch"]
[Site "Skopje MKD"]
[Date "2019.03.28"]
[Round "10"]
[White "Jackson, James P"]
[Black "Martic, Zlatko"]
[Result "1-0"]
[WhiteElo "2377"]
[BlackElo "2261"]
[EventDate "2019.03.18"]
[Board "122"]
[PlyCount "89"]

1.e4 c6 2.d4 d5 3.e5 c5 4.dxc5 e6 5.a3 Bxc5 6.b4 Bf8 7.Nf3 a5 8.b5 b6 9.
Bd3 Nd7 10.O-O Qc7 11.Re1 Bb7 12.Bb2 Rc8 13.Nbd2 Nc5 14.a4 Ne7 15.Nd4 g6 
16.N2f3 Bg7 17.h4 h5 18.Bc1 O-O 19.Bf4 Rfe8 20.Qd2 Ne4 21.Qc1 Qd7 22.Ra3 
Nf5 23.g3 Bf8 24.Nxf5 exf5 25.Nd4 Bb4 26.Ra2 Bxe1 27.Qxe1 Nc5 28.Qd2 Ne6 
29.Be3 Qe7 30.Nxe6 Qxe6 31.Bd4 Kh7 32.Kh2 Ba8 33.Ra1 Rb8 34.c3 Rec8 35.f3 
Rc4 36.Rg1 Rxa4 37.g4 Rxd4 38.cxd4 hxg4 39.fxg4 fxg4 40.Rf1 Rg8 41.Rf6 Qe7
42.Qg5 Rg7 43.h5 Qa3 44.hxg6+ fxg6 45.Rxg6 1-0

[Event "20th EUR-ch"]
[Site "Skopje MKD"]
[Date "2019.03.28"]
[Round "10"]
[White "Risteski, Emil"]
[Black "Zlatanovic, Boroljub"]
[Result "0-1"]
[WhiteElo "2132"]
[BlackElo "2376"]
[EventDate "2019.03.18"]
[Board "123"]
[PlyCount "104"]

1.e4 e6 2.d4 d5 3.Nd2 Nc6 4.Ngf3 Nf6 5.e5 Nd7 6.Be2 f6 7.exf6 Nxf6 8.Nf1 
Bd6 9.Ne3 O-O 10.c4 b6 11.O-O Bb7 12.b3 Qd7 13.Bb2 dxc4 14.Nxc4 Nd5 15.Bd3
Qe8 16.Re1 Nf4 17.Ng5 Nxd3 18.Qxd3 Qh5 19.Nxd6 cxd6 20.Qg3 Ne7 21.Nxe6 Nf5
22.Qg5 Qxg5 23.Nxg5 Rac8 24.Rac1 Rxc1 25.Rxc1 Re8 26.Bc3 h6 27.Nh3 Nh4 28.
f3 Re2 29.Nf2 Rxa2 30.Ra1 Rxa1+ 31.Bxa1 a5 32.Ne4 Bd5 33.Nd2 Kf7 34.Kf2 
Ke6 35.g3 Nf5 36.Ke2 b5 37.Bc3 b4 38.Bb2 Bb7 39.g4 Ne7 40.Kd3 Ba6+ 41.Ke4 
Nd5 42.f4 Nf6+ 43.Kf3 Kd5 44.g5 Ng8 45.Ne4 Bd3 46.Nd2 Ne7 47.Ke3 Bb5 48.h4
Nf5+ 49.Kf3 h5 50.Nc4 Nxh4+ 51.Ke3 Nf5+ 52.Kd3 a4 0-1

[Event "20th EUR-ch"]
[Site "Skopje MKD"]
[Date "2019.03.28"]
[Round "10"]
[White "Garayev, Kanan"]
[Black "Tifferet, Shaked"]
[Result "1-0"]
[WhiteElo "2368"]
[BlackElo "2219"]
[EventDate "2019.03.18"]
[Board "124"]
[PlyCount "69"]

1.Nf3 Nf6 2.c4 e6 3.d4 d5 4.Bg5 a6 5.cxd5 exd5 6.Nc3 Be7 7.Qb3 c6 8.e3 
Nbd7 9.Be2 Nf8 10.O-O Ng6 11.Bd3 O-O 12.Qc2 Ne8 13.Bxe7 Qxe7 14.Na4 Nd6 
15.Nb6 Rb8 16.Nxc8 Rbxc8 17.b4 Kh8 18.a4 Nh4 19.Nd2 g5 20.g3 Ng6 21.Qb3 b5
22.axb5 axb5 23.Ra6 f5 24.Qc2 f4 25.exf4 gxf4 26.Bxg6 hxg6 27.Qxg6 Rf7 28.
Nf3 Rcf8 29.Kg2 Rh7 30.Ng5 Nf5 31.Qxh7+ Qxh7 32.Nxh7 Kxh7 33.Rxc6 Nxd4 34.
Rd6 Rf5 35.Ra1 1-0

[Event "20th EUR-ch"]
[Site "Skopje MKD"]
[Date "2019.03.28"]
[Round "10"]
[White "Efremov, Vladislav"]
[Black "Iliaguev, Nisim"]
[Result "0-1"]
[WhiteElo "2115"]
[BlackElo "2366"]
[EventDate "2019.03.18"]
[Board "125"]
[PlyCount "60"]

1.d4 Nf6 2.c4 c5 3.d5 e6 4.Nc3 exd5 5.cxd5 d6 6.Nf3 g6 7.Bf4 Bg7 8.Qa4+ 
Bd7 9.Qb3 Qc7 10.h3 O-O 11.e3 Re8 12.Nd2 Na6 13.Bb5 Nb4 14.Be2 Bf5 15.O-O 
a6 16.a4 Bc2 17.Qc4 Nd7 18.Bh2 Nb6 19.Qf4 N6xd5 20.Nxd5 Nxd5 21.Qc4 Nb4 
22.Rac1 b5 23.axb5 axb5 24.Qxb5 Rab8 25.Qc4 Bf5 26.b3 Na2 27.Rcd1 Nc3 28.
Rde1 Rb4 29.Qa6 Rb6 30.Qc4 Qc8 0-1

[Event "20th EUR-ch"]
[Site "Skopje MKD"]
[Date "2019.03.28"]
[Round "10"]
[White "Manea, Alexandru"]
[Black "Isik, Alparslan"]
[Result "0-1"]
[WhiteElo "2357"]
[BlackElo "2180"]
[EventDate "2019.03.18"]
[Board "126"]
[PlyCount "64"]

1.d4 d6 2.Nf3 Nf6 3.g3 g6 4.Bg2 Bg7 5.O-O O-O 6.b3 e5 7.dxe5 dxe5 8.Ba3 
Qxd1 9.Rxd1 Re8 10.Nc3 a6 11.Ng5 Nc6 12.Bxc6 bxc6 13.f3 e4 14.Ngxe4 Nxe4 
15.Nxe4 f5 16.Nf2 Bxa1 17.Rxa1 Rxe2 18.Rc1 a5 19.Nd3 a4 20.Nf4 Re5 21.b4 
Ba6 22.c4 Re3 23.Bb2 Rae8 24.b5 Re1+ 25.Rxe1 Rxe1+ 26.Kf2 Rb1 27.bxa6 
Rxb2+ 28.Ne2 Rb6 29.a7 Ra6 30.Nd4 Rxa7 31.Nxc6 Ra6 32.Nb4 Rb6 0-1

[Event "20th EUR-ch"]
[Site "Skopje MKD"]
[Date "2019.03.28"]
[Round "10"]
[White "Maloberti, David"]
[Black "Dimic, Pavle"]
[Result "1-0"]
[WhiteElo "2113"]
[BlackElo "2351"]
[EventDate "2019.03.18"]
[Board "127"]
[PlyCount "79"]

1.d4 Nf6 2.c4 g6 3.Nc3 Bg7 4.e4 d6 5.Nf3 O-O 6.Be2 e5 7.O-O Qe8 8.dxe5 
dxe5 9.Nd5 Nxd5 10.cxd5 Qe7 11.Qb3 c6 12.Bg5 Bf6 13.Bxf6 Qxf6 14.Rfd1 cxd5
15.exd5 Nd7 16.Rac1 Nb6 17.Qc3 Bg4 18.Qb4 Bxf3 19.Bxf3 a5 20.Qa3 Rfe8 21.
Rc7 e4 22.Be2 e3 23.fxe3 Qe5 24.Qc5 Na4 25.Qc1 Nb6 26.Bf3 Rad8 27.Rc5 Rc8 
28.b3 Rxc5 29.Qxc5 Nc8 30.Qd4 Qxd4 31.Rxd4 Nd6 32.e4 f6 33.Kf2 Rc8 34.Rd2 
Rc3 35.Rb2 Nf7 36.Ke2 b5 37.Kd2 b4 38.Rc2 Nd6 39.Be2 Rxc2+ 40.Kxc2 1-0

[Event "20th EUR-ch"]
[Site "Skopje MKD"]
[Date "2019.03.28"]
[Round "10"]
[White "Krstulovic, Alex"]
[Black "Janjic, Stefan"]
[Result "1-0"]
[WhiteElo "2351"]
[BlackElo "2086"]
[EventDate "2019.03.18"]
[Board "128"]
[PlyCount "45"]

1.d4 d5 2.c4 e6 3.Nf3 Nf6 4.Nc3 Nbd7 5.Bf4 dxc4 6.e3 Nd5 7.Bxc4 Nxf4 8.
exf4 Bd6 9.Ne5 O-O 10.O-O Nb6 11.Nb5 Bd7 12.Qf3 Bxe5 13.dxe5 Bc6 14.Qh3 g6
15.Rad1 Qe7 16.b3 Qb4 17.Qc3 Rfd8 18.Qe3 Nd5 19.Bxd5 Bxd5 20.Nc3 Qb6 21.
Nxd5 exd5 22.Qxb6 axb6 23.a4 1-0

[Event "20th EUR-ch"]
[Site "Skopje MKD"]
[Date "2019.03.28"]
[Round "10"]
[White "Parvanian, Ashot"]
[Black "Heinemann, Josefine"]
[Result "1/2-1/2"]
[WhiteElo "2426"]
[BlackElo "2238"]
[EventDate "2019.03.18"]
[Board "129"]
[PlyCount "46"]

1.Nf3 Nf6 2.c4 c5 3.d4 cxd4 4.Nxd4 e6 5.g3 Nc6 6.Bg2 Bb4+ 7.Bd2 Be7 8.Bc3 
d5 9.O-O O-O 10.Nd2 Qb6 11.e3 Rd8 12.Qe2 Bd7 13.a3 dxc4 14.Nxc6 Bxc6 15.
Nxc4 Qa6 16.Bxc6 Qxc6 17.Ne5 Qc7 18.Rac1 Rac8 19.e4 Qb8 20.Nd3 Nd7 21.Nf4 
Bg5 22.Bd2 Ne5 23.Be3 Nc6 1/2-1/2

[Event "20th EUR-ch"]
[Site "Skopje MKD"]
[Date "2019.03.28"]
[Round "10"]
[White "Arsovic, Zoran"]
[Black "Sukovic, Andrej"]
[Result "1/2-1/2"]
[WhiteElo "2422"]
[BlackElo "2235"]
[EventDate "2019.03.18"]
[Board "130"]
[PlyCount "50"]

1.Nf3 d6 2.c4 Nf6 3.Nc3 g6 4.e4 Bg7 5.d4 O-O 6.Be2 e5 7.O-O Nc6 8.Be3 Ng4 
9.Bg5 f6 10.Bc1 Nxd4 11.Nxd4 exd4 12.Qxd4 Be6 13.Qd1 Qd7 14.Nd5 f5 15.exf5
Bxf5 16.h3 Ne5 17.Ne3 Be6 18.Rb1 a5 19.a4 Rf7 20.Bg4 Nxg4 21.hxg4 Be5 22.
b3 b6 23.Qe2 Qe7 24.Qd3 c5 25.Bd2 Bd4 1/2-1/2

[Event "20th EUR-ch"]
[Site "Skopje MKD"]
[Date "2019.03.28"]
[Round "10"]
[White "Polatel, Ali"]
[Black "Hnydiuk, Aleksander"]
[Result "1/2-1/2"]
[WhiteElo "2220"]
[BlackElo "2417"]
[EventDate "2019.03.18"]
[Board "131"]
[PlyCount "56"]

1.Nf3 c5 2.g3 Nc6 3.Bg2 g6 4.O-O Bg7 5.d3 d6 6.e4 e5 7.Nc3 Nge7 8.Nd2 O-O 
9.Nc4 Be6 10.Nd5 Qd7 11.a4 f5 12.c3 Rae8 13.a5 Nd8 14.f4 fxe4 15.dxe4 Nxd5
16.exd5 Bg4 17.Qa4 Qxa4 18.Rxa4 Bd7 19.Ra2 Nf7 20.fxe5 Bb5 21.Rxf7 Bxc4 
22.Rxf8+ Rxf8 23.Ra4 Bb5 24.Re4 Bxe5 25.Bh6 Rf7 26.Bh3 Bd3 27.Re1 Bf5 28.
Bxf5 Rxf5 1/2-1/2

[Event "20th EUR-ch"]
[Site "Skopje MKD"]
[Date "2019.03.28"]
[Round "10"]
[White "Erdogdu, Mert"]
[Black "Milikow, Elie"]
[Result "1-0"]
[WhiteElo "2413"]
[BlackElo "2226"]
[EventDate "2019.03.18"]
[Board "132"]
[PlyCount "141"]

1.c4 e5 2.Nc3 Nf6 3.Nf3 Nc6 4.g3 d5 5.cxd5 Nxd5 6.Bg2 Nxc3 7.bxc3 Bc5 8.d3
O-O 9.O-O Rb8 10.Bb2 Qe7 11.d4 Ba3 12.Bxa3 Qxa3 13.Qb3 Qxb3 14.axb3 exd4 
15.Nxd4 Nxd4 16.cxd4 a6 17.Rfc1 c6 18.b4 Be6 19.Ra5 Rfd8 20.e3 Rd7 21.h3 
Rbd8 22.g4 g6 23.g5 Kg7 24.h4 Rh8 25.Kh2 Rhd8 26.Kg3 Kg8 27.Re5 Kg7 28.Kf4
Rd6 29.Rcc5 R8d7 30.Rc2 Rd8 31.Rc1 R8d7 32.Rh1 Rd8 33.h5 Kg8 34.Rh4 Kg7 
35.Kg3 Kg8 36.Rf4 Kg7 37.hxg6 hxg6 38.Rf6 Kf8 39.Kf4 b6 40.Bf1 Bc8 41.Bc4 
Rxf6+ 42.gxf6 Re8 43.Kg5 b5 44.Bb3 Be6 45.Bc2 Rc8 46.Kf4 Ke8 47.Rg5 Rb8 
48.Rg1 Rc8 49.Ra1 Ra8 50.Ke5 Kd7 51.e4 Re8 52.Kf4 Ra8 53.Bd1 Kc7 54.Bf3 
Rd8 55.Ke3 Kb6 56.Bg2 Re8 57.Kd3 Bc4+ 58.Kc3 Rh8 59.Rh1 Ra8 60.d5 a5 61.
bxa5+ Kc5 62.dxc6 Rxa5 63.c7 Be6 64.Rh8 b4+ 65.Kd2 Ra2+ 66.Ke3 b3 67.c8=Q+
Bxc8 68.Rxc8+ Kb4 69.e5 b2 70.Rb8+ Kc3 71.Be4 1-0

[Event "20th EUR-ch"]
[Site "Skopje MKD"]
[Date "2019.03.28"]
[Round "10"]
[White "Lewtak, Damian"]
[Black "Tadic, Stefan"]
[Result "1/2-1/2"]
[WhiteElo "2379"]
[BlackElo "2223"]
[EventDate "2019.03.18"]
[Board "133"]
[PlyCount "58"]

1.e4 c5 2.Nf3 Nc6 3.d4 cxd4 4.Nxd4 Nf6 5.Nc3 e6 6.Ndb5 Bc5 7.Bf4 O-O 8.Bc7
Qe7 9.Bd6 Bxd6 10.Qxd6 Qd8 11.O-O-O a6 12.Nd4 Ne8 13.Qc5 Nxd4 14.Qxd4 d6 
15.Na4 b5 16.Nb6 Rb8 17.Nxc8 Rxc8 18.Kb1 Nf6 19.Be2 Qc7 20.c3 Rfd8 21.Qe3 
d5 22.exd5 Nxd5 23.Qg3 Nf4 24.Rxd8+ Rxd8 25.Rd1 e5 26.Qf3 f6 27.Bf1 Kf7 
28.Rxd8 Qxd8 29.Kc2 Qd5 1/2-1/2

[Event "20th EUR-ch"]
[Site "Skopje MKD"]
[Date "2019.03.28"]
[Round "10"]
[White "Di Benedetto, Desiree"]
[Black "Mihajlov, Sebastian"]
[Result "1/2-1/2"]
[WhiteElo "2236"]
[BlackElo "2356"]
[EventDate "2019.03.18"]
[Board "134"]
[PlyCount "61"]

1.d4 Nf6 2.c4 c6 3.Nf3 d5 4.Nc3 e6 5.e3 Nbd7 6.Qc2 Bd6 7.Be2 O-O 8.O-O Re8
9.Rd1 Qe7 10.b3 b6 11.e4 dxe4 12.Nxe4 Nxe4 13.Qxe4 Bb7 14.Bg5 Nf6 15.Qh4 
h6 16.Bxf6 Qxf6 17.Qxf6 gxf6 18.c5 bxc5 19.dxc5 Bxc5 20.Rd7 Re7 21.Rad1 
Kf8 22.Rd8+ Rxd8 23.Rxd8+ Re8 24.Rd7 Rb8 25.Ne1 Ke8 26.Rd1 Ke7 27.Bf3 Bb6 
28.g3 f5 29.Rc1 Rd8 30.Rc2 e5 31.Kf1 1/2-1/2

[Event "20th EUR-ch"]
[Site "Skopje MKD"]
[Date "2019.03.28"]
[Round "10"]
[White "Baenziger, Fabian"]
[Black "Van Dael, Siem"]
[Result "1-0"]
[WhiteElo "2351"]
[BlackElo "2207"]
[EventDate "2019.03.18"]
[Board "135"]
[PlyCount "47"]

1.Nf3 Nf6 2.c4 g6 3.d4 Bg7 4.Nc3 O-O 5.e4 d6 6.Be2 e5 7.d5 Nbd7 8.Be3 Ng4 
9.Bg5 f6 10.Bc1 f5 11.Ng5 Nc5 12.b4 fxe4 13.O-O e3 14.Bxg4 Qxg5 15.Bxc8 
Rxf2 16.Rxf2 exf2+ 17.Kf1 Qh4 18.Qg4 Qxh2 19.Kxf2 Nd3+ 20.Ke2 e4 21.Bd2 
Qe5 22.Rf1 Kh8 23.Qxe4 Rxc8 24.Kxd3 1-0

[Event "20th EUR-ch"]
[Site "Skopje MKD"]
[Date "2019.03.28"]
[Round "10"]
[White "Milikow, Yoav"]
[Black "Krykun, Yuriy"]
[Result "1-0"]
[WhiteElo "2200"]
[BlackElo "2342"]
[EventDate "2019.03.18"]
[Board "136"]
[PlyCount "71"]

1.d4 Nf6 2.c4 g6 3.Nc3 d5 4.cxd5 Nxd5 5.e4 Nxc3 6.bxc3 Bg7 7.Qa4+ Nd7 8.
Nf3 O-O 9.Be2 Nb6 10.Qa3 Qd6 11.e5 Qxa3 12.Bxa3 Re8 13.O-O Be6 14.Nd2 c6 
15.f4 Nd5 16.Rac1 a5 17.Bb2 c5 18.c4 Nxf4 19.Rxf4 Bh6 20.g3 Bxf4 21.gxf4 
cxd4 22.Nb3 b6 23.Nxd4 Bd7 24.Kf2 Red8 25.Ke3 Rac8 26.Ba3 Kf8 27.Rb1 Rb8 
28.h4 Rdc8 29.Bd3 Rc7 30.h5 gxh5 31.f5 b5 32.Nxb5 Bxb5 33.Rxb5 Rxb5 34.
cxb5 Rb7 35.f6 Ke8 36.Be4 1-0

[Event "20th EUR-ch"]
[Site "Skopje MKD"]
[Date "2019.03.28"]
[Round "10"]
[White "Karaoglan, Doruk"]
[Black "Oboladze, Luka"]
[Result "1/2-1/2"]
[WhiteElo "2197"]
[BlackElo "2340"]
[EventDate "2019.03.18"]
[Board "137"]
[PlyCount "70"]

1.e4 c5 2.Nc3 Nc6 3.g3 g6 4.Bg2 Bg7 5.d3 d6 6.f4 f5 7.Nf3 Nf6 8.O-O O-O 9.
Kh1 Rb8 10.Be3 b5 11.Rb1 Kh8 12.exf5 Bxf5 13.Nh4 Bg4 14.Qd2 Qd7 15.Ne2 Nh5
16.Nf3 Bh3 17.d4 cxd4 18.Nexd4 Bxg2+ 19.Qxg2 Na5 20.Ng5 Nc4 21.Bg1 Rfc8 
22.b3 Nb6 23.Rbe1 Bf6 24.Nge6 Ng7 25.g4 Nxe6 26.Nxe6 Qc6 27.Qxc6 Rxc6 28.
Nd4 Rc7 29.Nxb5 Rxc2 30.g5 Bb2 31.Nd4 Rc7 32.f5 gxf5 33.Ne6 Rc2 34.Rxf5 
Rg8 35.Nd4 Rc7 1/2-1/2

[Event "20th EUR-ch"]
[Site "Skopje MKD"]
[Date "2019.03.28"]
[Round "10"]
[White "Jandric, Damjan"]
[Black "Mitsis, Georgios"]
[Result "0-1"]
[WhiteElo "2171"]
[BlackElo "2338"]
[EventDate "2019.03.18"]
[Board "138"]
[PlyCount "56"]

1.e4 e5 2.Nf3 Nc6 3.Bb5 a6 4.Ba4 Nf6 5.O-O b5 6.Bb3 Bc5 7.a4 Rb8 8.axb5 
axb5 9.Nxe5 Nxe5 10.d4 Bxd4 11.Qxd4 d6 12.Nc3 O-O 13.f4 c5 14.Qd1 Nc6 15.
Bd5 Ne7 16.Ba2 c4 17.Re1 d5 18.Be3 Bg4 19.Qd4 dxe4 20.Qxd8 Rfxd8 21.h3 Be6
22.Bc5 Ned5 23.Nxe4 Nxe4 24.Rxe4 Rbc8 25.Bd4 Bf5 26.Re5 Bxc2 27.Rae1 f6 
28.R5e2 Bd3 0-1

[Event "20th EUR-ch"]
[Site "Skopje MKD"]
[Date "2019.03.28"]
[Round "10"]
[White "Hesse, Henrik"]
[Black "Radovanovic, Dusan"]
[Result "0-1"]
[WhiteElo "2165"]
[BlackElo "2331"]
[EventDate "2019.03.18"]
[Board "139"]
[PlyCount "60"]

1.c4 e5 2.g3 Nc6 3.Bg2 Bc5 4.Nc3 a6 5.a4 d6 6.e3 Ba7 7.Nge2 h5 8.h4 f5 9.
d4 Nf6 10.b4 O-O 11.O-O f4 12.dxe5 f3 13.Bxf3 Nxe5 14.Bg2 Bg4 15.Bxb7 Nf3+
16.Kg2 Qd7 17.Bxa8 Rxa8 18.Nd5 Nxh4+ 19.Kh2 Nf3+ 20.Kh1 Rf8 21.Nxf6+ Rxf6 
22.Nf4 c6 23.c5 h4 24.Qb3+ d5 25.Kg2 Bb8 26.e4 Nd4 27.Qe3 Bf3+ 28.Kh2 
hxg3+ 29.fxg3 Bxf4 30.Qxd4 Qh3+ 0-1

[Event "20th EUR-ch"]
[Site "Skopje MKD"]
[Date "2019.03.28"]
[Round "10"]
[White "Injac, Teodora"]
[Black "Gunduz, Umut Erdem"]
[Result "1-0"]
[WhiteElo "2329"]
[BlackElo "2205"]
[EventDate "2019.03.18"]
[Board "140"]
[PlyCount "35"]

1.d4 Nf6 2.Nf3 c5 3.d5 b5 4.Bg5 Ne4 5.Bf4 Bb7 6.a4 Qa5+ 7.Nbd2 Bxd5 8.axb5
Qb4 9.c4 Bb7 10.Qc2 a5 11.Ra4 Nxd2 12.Nxd2 Be4 13.Qd1 Qxb2 14.Nxe4 d6 15.
e3 Nd7 16.Bd3 g5 17.Bxg5 Bg7 18.Qc2 1-0

[Event "20th EUR-ch"]
[Site "Skopje MKD"]
[Date "2019.03.28"]
[Round "10"]
[White "Marinskii, Yurii"]
[Black "Osmanodja, Filiz"]
[Result "0-1"]
[WhiteElo "2156"]
[BlackElo "2326"]
[EventDate "2019.03.18"]
[Board "141"]
[PlyCount "98"]

1.e4 c5 2.Nc3 Nc6 3.g3 g6 4.Bg2 Bg7 5.d3 d6 6.f4 e6 7.Nf3 Nge7 8.O-O O-O 
9.Be3 b6 10.d4 d5 11.e5 Nf5 12.Bf2 Ba6 13.Re1 Nfxd4 14.Nxd4 cxd4 15.Bxd4 
Nxd4 16.Qxd4 Qc7 17.Qa4 Bb7 18.Rad1 Rfc8 19.Rd2 a6 20.Ne2 b5 21.Qd4 Bf8 
22.b4 a5 23.a3 axb4 24.axb4 Be7 25.c3 Ra3 26.Rb1 Qb8 27.Qb6 Bd8 28.Qd4 Rc4
29.Qf2 Ba8 30.Kh1 Bb6 31.Qf1 Qa7 32.Qd1 Be3 33.Rd3 Ra2 34.h4 Kg7 35.Qf1 d4
36.cxd4 Bxg2+ 37.Kxg2 Bxd4 38.Qf3 Rcc2 39.Re1 Ra1 40.Rxa1 Qxa1 41.Qf1 Qa8+
42.Kh3 Bb2 43.Qd1 Qe4 44.Re3 Qd5 45.Rd3 Qe4 46.Re3 Qd5 47.Rd3 Qc6 48.g4 
Bc1 49.Nd4 Qg2# 0-1

[Event "20th EUR-ch"]
[Site "Skopje MKD"]
[Date "2019.03.28"]
[Round "10"]
[White "Pastar, Slaven"]
[Black "Veleski, Robert"]
[Result "1/2-1/2"]
[WhiteElo "2324"]
[BlackElo "2177"]
[EventDate "2019.03.18"]
[Board "142"]
[PlyCount "52"]

1.d4 g6 2.e4 Bg7 3.c4 d6 4.Nc3 e5 5.d5 a5 6.Bd3 Na6 7.Nge2 Nf6 8.O-O O-O 
9.h3 Nd7 10.Be3 Ndc5 11.Bc2 Bd7 12.a3 a4 13.Nxa4 Bxa4 14.Bxa4 Nxe4 15.Bc2 
Nec5 16.b4 Nd7 17.Rc1 f5 18.f4 Qe7 19.Qd2 Rae8 20.Rce1 Bf6 21.Ba4 Ra8 22.
Bb5 Rfe8 23.c5 Nf8 24.c6 bxc6 25.dxc6 Kh8 26.Nc3 Ne6 1/2-1/2

[Event "20th EUR-ch"]
[Site "Skopje MKD"]
[Date "2019.03.28"]
[Round "10"]
[White "Kacakovski, Dimitar"]
[Black "Dedebas, Emre Emin"]
[Result "0-1"]
[WhiteElo "2043"]
[BlackElo "2319"]
[EventDate "2019.03.18"]
[Board "143"]
[PlyCount "44"]

1.e4 e6 2.d4 d5 3.Nc3 a6 4.e5 c5 5.Nf3 Nc6 6.Bf4 Qb6 7.Na4 Qa5+ 8.c3 cxd4 
9.b4 Qc7 10.a3 b5 11.Nc5 dxc3 12.Rc1 Bxc5 13.bxc5 Qa5 14.Qd3 Qxa3 15.Rxc3 
Qa5 16.Be2 Qc7 17.O-O Nge7 18.Bg3 b4 19.Rc2 a5 20.Rfc1 Ba6 21.Qb3 Bxe2 22.
Rxe2 Nf5 0-1

[Event "20th EUR-ch"]
[Site "Skopje MKD"]
[Date "2019.03.28"]
[Round "10"]
[White "Yordanov, Lachezar"]
[Black "Caglar, Sila"]
[Result "1/2-1/2"]
[WhiteElo "2308"]
[BlackElo "2094"]
[EventDate "2019.03.18"]
[Board "144"]
[PlyCount "46"]

1.Nf3 Nf6 2.c4 e6 3.e3 d5 4.b3 b6 5.Bb2 Bb7 6.g3 Nbd7 7.Bg2 Bd6 8.O-O O-O 
9.cxd5 exd5 10.d4 Ne4 11.Nc3 a6 12.Rc1 Qe7 13.Qd3 Rac8 14.Nd2 Ndf6 15.
Ncxe4 dxe4 16.Qe2 b5 17.a4 Bd5 18.axb5 axb5 19.Qxb5 Rb8 20.Qe2 Bxb3 21.
Nxb3 Rxb3 22.Ba1 Rfb8 23.Qc2 h5 {70....} 1/2-1/2

[Event "20th EUR-ch"]
[Site "Skopje MKD"]
[Date "2019.03.28"]
[Round "10"]
[White "Velkovski, Kristijan"]
[Black "Gueci, Tea"]
[Result "0-1"]
[WhiteElo "2003"]
[BlackElo "2252"]
[EventDate "2019.03.18"]
[Board "145"]
[PlyCount "78"]

1.e4 c5 2.Nf3 Nc6 3.Bb5 g6 4.Nc3 Bg7 5.O-O e5 6.a3 Nge7 7.b4 cxb4 8.axb4 
O-O 9.Bc4 Nd4 10.Bb2 d6 11.h3 Be6 12.d3 Qc7 13.Nd2 a6 14.Ne2 d5 15.Nxd4 
exd4 16.Bb3 Rac8 17.Rc1 Qf4 18.Re1 Rfe8 19.Nf3 Qd6 20.e5 Qxb4 21.Bxd4 Nc6 
22.c3 Qa5 23.Re2 Bf5 24.Ra1 Qd8 25.Qd2 h6 26.Rd1 Be6 27.Nh2 b5 28.Qb2 a5 
29.f4 a4 30.Ba2 Nxd4 31.cxd4 Qa5 32.Rb1 Rb8 33.Qb4 Qxb4 34.Rxb4 Bf8 35.Rb1
b4 36.Reb2 Rec8 37.g4 b3 38.Bxb3 Ba3 39.Ra2 Rxb3 0-1